00289 a2200133 4500001000700000020001800007040001100025100003400036240003300070245002800103300000700131362000900138440000800147173386 a85-7153-007-6 cMagnum aAraujo, Maria Lysia Correa de10aO carneirinho diferentelpor10aO carneirinho diferente a120 a1987 1aRHJ